000 00601nam a2200229Ia 4500
003 OSt
005 20221005065802.0
006 a|||||r|||| 00| 0
007 ta
008 221004b |||||||| |||| 00| 0 eng d
024 _a77001
037 _cTextual
040 _aCRL
_cCRL
_beng
041 _2eng
_aeng
082 _aO111vN, M2
245 0 _aTwentieth century English literature
_b A soviet view
260 _aMoscow
_bProgress Publishers
_c1982
300 _a477p.
_ccm.
650 _aENGLISH LITERATURE
942 _hO111vN, M2
_cTEXL
_2cc
999 _c975193
_d975193